UK Constituent Countries/British Dependencies Flags - Statistics

General Stats
  • This quiz has been taken 117 times
  • The average score is 18 of 26
Answer Stats
Picture Answer % Correct
Isle of Man
96%
Scotland
95%
Wales
95%
England
91%
Gibraltar
88%
Guernsey
85%
Jersey
85%
Anguilla
80%
Bermuda
77%
Falkland Islands
77%
British Indian Ocean Territory
73%
British Virgin Islands
68%
Saint Helena
65%
Montserrat
64%
Pitcairn Islands
64%
Turks and Caicos Islands
64%
Cayman Islands
62%
South Georgia and the South Sandwich Islands
62%
British Antarctic Territory
61%
Ascension Island
58%
Tristan da Cunha
58%
Akrotiri and Dhekelia
47%
Alderney
39%
Sark
36%
Northern Ireland
35%
Herm
30%
No matching quizzes found
Score Distribution
Percent of People with Each Score
Percentile by Number Answered
Your Score History
You have not taken this quiz